América Latina moderna?: globalización e identidad
Gespeichert in:
| 1. Verfasser: | |
|---|---|
| Format: | Buch |
| Sprache: | Spanisch |
| Veröffentlicht: |
Santiago
LOM
2005
|
| Ausgabe: | 1a. ed |
| Schriftenreihe: | Colección Escafandra
|
| Schlagworte: | |
| Tags: |
Tag hinzufügen
Keine Tags, Fügen Sie den ersten Tag hinzu!
|
MARC
| LEADER | 00000nam a2200000 a 4500 | ||
|---|---|---|---|
| 001 | UCG2942 | ||
| 003 | CL-VaPUC | ||
| 008 | 100805e20050000CL |||||||||||||||||spa|d | ||
| 020 | |a 9562827216 | ||
| 082 | 0 | 4 | |a 306 |b LAR |2 21 |
| 100 | |a Larraín Ibáñez, Jorge |e author |9 601100 | ||
| 245 | 1 | 0 | |a América Latina moderna?: globalización e identidad |
| 250 | |a 1a. ed | ||
| 300 | |a 183 p | ||
| 942 | |c BK | ||
| 945 | |d 20100805 00:00:00 |a cmena | ||
| 260 | |a Santiago |b LOM |c 2005 | ||
| 650 | 0 | |a Cambio social |9 256857 | |
| 650 | 0 | |a Globalización |9 361930 | |
| 650 | 0 | |a Identidad cultural |9 319131 | |
| 650 | 7 | |a MODERNIZACION |2 CL-VaPUC |9 335311 | |
| 651 | 0 | |a América Latina |9 255027 | |
| 583 | |a last modification |c 20100805 00:00:00 |k Rodrigo Vera | ||
| 490 | 0 | |a Colección Escafandra | |
| 999 | |c 342044 |d 342042 | ||
| 952 | |0 0 |1 0 |4 0 |6 306_000000000000000_LAR_2005 |7 0 |8 C |9 437992 |a BIBCUR |b BIBCUR |d 2019-11-22 |i 4680332 |o 306 LAR 2005 |p 4680332 |r 2025-04-22 |w 2019-11-22 |y BK |k CAC | ||